LIBRARY & INFORMATION CENTRE, KCAET, TAVANUR

ONLINE PUBLIC ACCESS CATALOGUE (OPAC)

Principles of welding technology (Record no. 15500)

MARC details
000 -LEADER
fixed length control field 00347nam a22001457a 4500
003 - CONTROL NUMBER IDENTIFIER
control field OSt
008 - FIXED-LENGTH DATA ELEMENTS--GENERAL INFORMATION
fixed length control field 180810b ||||| |||| 00| 0 eng d
020 ## - INTERNATIONAL STANDARD BOOK NUMBER
ISBN 0713129115
082 ## - DEWEY DECIMAL CLASSIFICATION NUMBER
Classification number 671.52
Item number GOU/PR
100 ## - MAIN ENTRY--AUTHOR NAME
Personal name Gourd, L.M
245 ## - TITLE STATEMENT
Title Principles of welding technology
260 ## - PUBLICATION, DISTRIBUTION, ETC. (IMPRINT)
Place of publication London
Name of publisher Edward Arnold
Year of publication 1982
300 ## - PHYSICAL DESCRIPTION
Number of Pages 218
942 ## - ADDED ENTRY ELEMENTS (KOHA)
Koha item type Books
Holdings
Withdrawn status Lost status Damaged status Home library Current library Date acquired Full call number Accession Number Koha item type
      KAUAET KAUAET 27/03/1987 671.52 GOU/PR 16205 Books
      KAUAET KAUAET 11/09/1986 671.52 GOU/PR 15775 Books
free website counter